|
|
|
|
| LEADER |
00000nab a2200000 a 4500 |
| 001 |
vtls000681129 |
| 003 |
SK-MaSNL |
| 005 |
20260303043722.0 |
| 008 |
180207c1999 xo 0 slo |
| 015 |
|
|
|a SNBRB1999/03-06224
|
| 035 |
|
|
|a CLN000033297
|
| 040 |
|
|
|a SNKBUCL
|b slo
|c SNKBUCL
|e AACR2
|
| 041 |
0 |
|
|a slo
|
| 044 |
|
|
|a xo
|c SK
|
| 080 |
|
|
|a 657.37:657.12
|2 UDC-MRF-SK2
|
| 080 |
|
|
|a 657.12
|2 UDC-MRF-SK2
|
| 100 |
1 |
|
|a Kardoš, Štefan
|4 aut
|9 9923
|
| 245 |
1 |
0 |
|a Účtovná závierka '98 pre podvojné účtovníctvo
|c Štefan Kardoš, Vladimír Pastierik
|
| 300 |
|
|
|b Sch.
|
| 650 |
0 |
7 |
|a účtovníctvo podvojné
|x závierka účtovná
|y 1998
|2 snkbucl
|9 889007
|
| 650 |
0 |
7 |
|a účtovná závierka
|2 snkbucl
|9 59787
|
| 655 |
|
7 |
|a články z novín a časopisov
|2 snkbucl
|9 267496
|
| 700 |
1 |
|
|a Pastierik, Vladimír
|4 aut
|9 11641
|
| 773 |
0 |
|
|x 1335-3799
|t Poradca
|g Č. 5-6 (1999), s. 376-400
|
| 850 |
|
|
|a Slovenská národná knižnica v Martine
|
| 852 |
|
|
|a SNK
|b KIS3GCP
|
| 958 |
|
|
|a RBX
|
| 999 |
|
|
|c 1698021
|d 1699951
|